100 Biggest Cities of Mexico on a Map - Statistics

General Stats
  • This quiz has been taken 244 times
  • The average score is 35 of 100
Answers on the Map
Answers color-coded by a green-red scale on the quiz's map according to % correct below.
 
Answer Stats
Population City % Correct
8,843,706 Ciudad de México
94%
1,385,621 Guadalajara
90%
1,810,645 Tijuana
88%
1,142,952 Monterrey
86%
888,797 Cancún
85%
925,762 Chihuahua
84%
1,501,551 Ciudad Juárez
84%
1,542,232 Puebla
80%
921,771 Mérida
77%
1,579,803 León
74%
854,186 Mexicali
73%
258,913 Oaxaca de Juárez
68%
863,893 Aguascalientes
67%
537,963 Veracruz
67%
658,609 Acapulco
63%
845,941 San Luis Potosí
61%
855,563 Hermosillo
59%
250,141 La Paz
55%
616,068 Durango
54%
794,789 Querétaro
52%
202,694 Cabo San Lucas
51%
864,431 Saltillo
51%
223,876 Toluca
51%
690,193 Torreón
50%
249,623 Campeche
47%
808,416 Culiacán
47%
1,643,623 Ecatepec de Morelos
47%
441,975 Mazatlán
47%
416,055 Nuevo Laredo
47%
146,965 Colima
45%
743,275 Morelia
44%
510,739 Matamoros
41%
691,557 Reynosa
41%
443,063 Xalapa-Enríquez
40%
341,029 Cuernavaca
39%
261,137 Nogales
39%
330,652 Ensenada
38%
224,166 Puerto Vallarta
37%
169,028 Chetumal
36%
304,942 Playa del Carmen
36%
297,373 Tampico
36%
578,830 Tuxtla Gutiérrez
36%
371,387 Tepic
35%
329,404 Ciudad Obregón
33%
340,060 Villahermosa
33%
298,009 Los Mochis
32%
177,719 San Juan del Río
32%
1,257,547 Zapopan
32%
332,100 Ciudad Victoria
31%
173,959 Piedras Negras
31%
1,072,676 Nezahualcóyotl
30%
170,029 | 635,862 Guadalupe
27%
297,848 Pachuca de Soto/Pachuca
26%
183,509 San Cristóbal de las Casas
26%
217,550 Tapachula de Córdova y Ordóñez
25%
237,169 Monclova
24%
176,685 San Luis Río Colorado
24%
225,728 Chilpancingo de los Bravo
23%
191,238 Ciudad del Carmen
23%
159,853 Manzanillo
23%
160,225 Ciudad Acuña
21%
911,168 Naucalpan de Juárez
21%
650,123 Tlaquepaque
21%
378,143 Celaya
20%
301,742 Gómez Palacio
20%
452,090 Irapuato
20%
412,199 San Nicolás de los Garza
20%
658,907 Tlalnepantla
19%
703,215 Chimalhuacán
18%
304,052 Ciudad Santa Catarina
18%
212,540 Coatzacoalcos
18%
442,440 Tonalá
18%
154,546 Zamora de Hidalgo
18%
536,436 Ciudad Apodaca
17%
160,682 Salamanca
17%
293,825 Tehuacán
16%
205,933 Ciudad Madero
15%
454,967 General Escobedo
15%
161,820 Miramar
15%
180,057 Poza Rica de Hidalgo
15%
157,336 Cuautla de Morelos
14%
384,327 Xico
14%
308,285 Ciudad Benito Juárez
13%
234,698 García
13%
368,585 Ixtapaluca
13%
149,162 Minatitlán
13%
523,065 Ciudad López Mateos
10%
174,629 Jiutepec
10%
174,704 Chalco de Díaz Covarrubias
9%
157,998 San Pablo de las Salinas
9%
323,545 Ciudad Nicolás Romero
8%
386,290 Ojo de Agua
8%
310,192 Soledad de Graciano Sánchez
8%
515,353 Cuautitlán Izcalli
7%
216,776 Buenavista
6%
147,496 Villa de Álvarez
6%
299,523 Uruapan del Progreso
5%
193,532 Chicoloapan de Juárez
4%
293,245 San Francisco Coacalco
3%
No matching quizzes found
Score Distribution
Percent of People with Each Score
Percentile by Number Answered
Your Score History
You have not taken this quiz